| 000 | 00714nam a22002057a 4500 | ||
|---|---|---|---|
| 999 |
_c4142 _d4142 |
||
| 003 | AR-CdUCM | ||
| 008 | 190308b ||||| |||| 00| 0 spa d | ||
| 040 |
_aMUNICIPALIDAD PROVINCIAL DEL CUSCO _cBIBLIOTECA MUNICIPAL DEL CUSCO |
||
| 082 |
_a770.2 / _bG52 |
||
| 100 |
_aGiorgio Jardel, J. A. del _913127 |
||
| 245 | _aFotografía / | ||
| 260 |
_aArgentina : _bHobby, _c1962. |
||
| 300 |
_a130 páginas ; _bilustraciones. _c18 cm. |
||
| 505 | _aEl origen de la fotografía -- cámara fotográfica -- El objetivo -- El laboratorio -- El revelador... | ||
| 650 |
_aCámara. _913128 |
||
| 650 |
_aFotografía. _94511 |
||
| 650 |
_aHistoria de la fotografía. _913129 |
||
| 942 |
_2ddc _cLIBROS |
||
| 945 |
_awfj _d2019-03-08 |
||